Diccionario de filosofía: seguido de un cuadro histórico de las escuelas de filosofía

Saved in:
Bibliografiske detaljer
Hovedforfatter: Jolivet, Régis (Author)
Format: Bog
Sprog:spansk
Udgivet: Buenos Aires Club de Lectores 1978
Fag:
Tags: Tilføj Tag
Ingen Tags, Vær først til at tagge denne postø!

MARC

LEADER 00000nam a2200000 a 4500
001 UCZ6162
003 CL-VaPUC
008 951201e19780000AG |||||||||||||||||spa|d
082 0 4 |a 103  |b JOL  |2 21 
100 |a Jolivet, Régis  |e author  |9 544683 
245 1 0 |a Diccionario de filosofía: seguido de un cuadro histórico de las escuelas de filosofía 
300 |a 206 p 
942 |c BK 
945 |d 19951201 00:00:00  |a cmena 
260 |a Buenos Aires  |b Club de Lectores  |c 1978 
650 0 |a Filosofía   |9 223554 
650 0 |a Diccionarios  |9 256200 
650 0 |a Glosarios  |9 261047 
583 |a last modification  |c 19951201 00:00:00  |k Rodrigo Vera 
999 |c 242416  |d 242414 
952 |0 0  |1 0  |4 0  |6 103_000000000000000_JOL_1978  |7 0  |8 X  |9 255368  |a BIBEDU  |b BIBEDU  |d 2019-11-19  |i 1601148  |o 103 JOL 1978  |p 1601148  |r 2023-01-13  |w 2019-11-19  |y BK_X  |k FIL